000 00498nam a2200181Ia 4500
005 20250508154136.0
008 008 250505s9999 xx 000 0 eng d
037 _aTextual
040 _aFEDL
_beng
_cFEDL
041 _aeng
_2eng
084 _a191, SHN
_qFEDL
100 _aShnider Herbert W.
_9765142
245 0 _aAmarikee dershan ka itehas
260 _aAllahabad, India
_bHindustani Academy
_c1946
300 _a369p.
942 _cTEXL
_h191, SHN
999 _c1347950
_d1347950